| 000 | 01688cam a22004814i 4500 | ||
|---|---|---|---|
| 003 | PE-LiUPU | ||
| 005 | 20250731165540.0 | ||
| 008 | 150625s1991 mx r 000 0 spa d | ||
| 020 | _a0070454183 | ||
| 020 | _a9780070454187 | ||
| 035 | _a(Sirsi) i9780070454187 | ||
| 040 |
_aPE-LiUPU _bspa _cPE-LiUPU _erda |
||
| 049 | _aPRUA | ||
| 082 | 0 | 4 |
_a530 _bP26 _221 |
| 100 | 1 |
_aParker, Sybil P., _eautor. |
|
| 245 | 1 | 0 |
_aDiccionario McGraw-Hill de física. _n2 / _cSybil P. Parker. |
| 264 | 1 |
_aMéxico, DF : _bMcGraw-Hill, _c1991. |
|
| 300 |
_a584 páginas ; _c22 centímetros |
||
| 336 |
_atext _2rdacontent |
||
| 337 |
_aunmediated _2rdamedia |
||
| 338 |
_avolume _2rdacarrier |
||
| 505 | 0 | _aAlfabetización -- Estructura -- Referencias cruzadas -- tambien conocido como etc. | |
| 526 | _aSEG44 | ||
| 526 | _aSEG26 | ||
| 526 | _aP151 | ||
| 526 | _aP150 | ||
| 526 | _aP149 | ||
| 526 | _aP146 | ||
| 526 | _aP145 | ||
| 526 | _aP126 | ||
| 526 | _aP125 | ||
| 526 | _aP92 | ||
| 526 | _aP75 | ||
| 526 | _aP74 | ||
| 526 | _aP27 | ||
| 526 | _aP15 | ||
| 942 |
_2ddc _cBOOK |
||
| 949 |
_aRC 530 P26 2 _wDEWEY _c1 _i32808 _d2016-1-5 _e2015-11-6 _lCCODEBUL1 _mBUL _n1 _r0 _sY _tBOOK _u2015-6-25 _xEDUCACION _zUNKNOWN _0COMPRA _o.CIRCNOTE. No olvidar cambiar la fecha de devolución!!!!!!! _o.STAFF. Colección General |
||
| 994 |
_aC0 _bPEPRU |
||
| 596 | _a1 | ||
| 999 |
_aRC 530 P26 2 _wDEWEY _c40969 _i32808 _d40969 _e2015-11-6 _f2021-11-8 _g6 _lRCG _mBUL _n1 _p26.00 _r1 _sN _tBOOK _u2015-6-25 _xBIBLIOTECA _zUNKNOWN _0COMPRA _o.CIRCNOTE. No olvidar cambiar la fecha de devolución!!!!!!! _o.STAFF. Colección General |
||
| 980 |
_81 _gALBERTO SANCHEZ Responsable de Automatización |
||